| 000 | 00377cam a22001337a 4500 | ||
|---|---|---|---|
| 008 | 180718b1962 xxu||||| |||| 00| 0 eng d | ||
| 082 | _aA6x691 K418 | ||
| 100 | _aKent, Raymond K. | ||
| 245 |
_aFrom Madagascar to the Malagasy Republic _cby Raymond K. Kent |
||
| 260 |
_aLondon _bThames _c1962 |
||
| 300 | _a182p. | ||
| 500 | _a30/- | ||
| 650 | _aMadagascar - History - Revolution | ||
| 999 |
_c368977 _d368977 |
||